01153nam a2200133Ia 4500008004100000020001500041050001600056100003600072245006200108260002900170300002400199505076400223650003200987120626s2009 mx 000 0 spa d a9708130036 aKGF480bL691 aLozano Ramírez, Raúleautor10aDerecho civilb : obligacionesc/ Raúl Lozano Ramírez3 aMéxicob : Pacc, 2009 axxii, 242 páginas aLa obligación en general Hechos y actos jurídicos Fuente de las obligaciones El contrato Elementos esenciales para la existencia del contrato Elementos de validez del contrato La interpretación de los contratos Efectos de los contratos entre las partes Efectos de los contratantes relación con terceros Declaración unilateral de la voluntad El enriquecimiento ilegítimo El pago de lo indebido La gestión de negocios Noción de los cuasicontratos Los hechos ilícitos Nuestro código penal El daño moral El abuso de los derechos El riesgo creado o la responsabilidad objetiva Obligaciones puras y simples Obligaciones complejas Obligaciones con pluralidad de sujetos Obligaciones con pluralidad de objetos El cumplimiento de las obligaciones14aDERECHO CIVILxOBLIGACIONES